000 00632nam a22002057a 4500
003 0
005 20230913130832.0
008 230913b xxu||||| |||| 00| 0 eng d
020 _a978-1-975180-43-0
050 _aRM 300
_b.T83 2023
100 _aTucker, Rebecca G.
245 _aKarch's focus on nursing pharmacology
_cRebecca G. Tucker
250 _aNinth edition
260 _aPhiladelphia
_bWolters Kluwer
_cc2023.
300 _axiv, 1153 pages :
_bcol. ill. ;
_c28 cm.
500 _aPharmacology.
504 _aIncludes bibliographical references, glossary and index.
650 _aPharmacology.
942 _2lcc
_cBK
999 _c365297
_d365297